Cosmo Sheldrake All Songs - Statistics

General Stats
  • This quiz has been taken 104 times
  • The average score is 52 of 88
Answer Stats
Hint Answer % Correct
The How How Much Much and I Come Along
98%
Wake Up Calls Cuckoo
91%
Eye To The Ear Old Ocean
91%
Single Solar
91%
The How How Much Much and I Birthday Suit
90%
The How How Much Much and I Linger Longer
90%
Wild Wet World Bathed In Sound
89%
The How How Much Much and I Birth a Basket
89%
Eye To The Ear I Did And I Don't And I Do
89%
The How How Much Much and I Solar Waltz
88%
Wake Up Calls Cuckoo Song
86%
The How How Much Much and I Linger a While
86%
The How How Much Much and I Mind of Rocks
86%
EP Tardigrade Song
86%
Single The Moss
86%
The How How Much Much and I Beetroot Kvaas
85%
The How How Much Much and I Egg and Soldiers
85%
Wild Wet World Benthos
84%
Eye To The Ear Lichens
83%
Wild Wet World Plankton
83%
Wake Up Calls Marsh Warbler
81%
Eye To The Ear Marvellous Clouds
81%
Wake Up Calls Bittern
80%
Eye To The Ear Flora's Pond
80%
Wake Up Calls Nightingale Pt.1
80%
Eye To The Ear Run
80%
Wake Up Calls Skylark
80%
Wake Up Calls Nightingale Pt.2
79%
The How How Much Much and I Wriggle
79%
Wake Up Calls Dawn Chorus
78%
Wake Up Calls Owl Song
78%
Wake Up Calls Evening Chorus
77%
Galápagos Pelicans
75%
Eye To The Ear I Stitched My Mind Back To My Body
74%
Single No.3
74%
Galápagos Frigate birds
73%
The How How Much Much and I Pliocene
73%
Eye To The Ear Shiny Is The View
73%
Single The Woods
73%
Eye To The Ear Interdimensional
72%
The How How Much Much and I Axolotl
70%
Eye To The Ear Does The Swallow Dream Of Flying
70%
EP Pelicans We
70%
Single Beech
69%
Single Green Grass
68%
Single Run Rings Right Wrongs
68%
Eye To The Ear I To The Maybe Go
64%
Eye To The Ear Breathe Round Corners
63%
The How How Much Much and I Hocking
63%
Eye To The Ear Gnort Or Gnortle
60%
Eye To The Ear Half Past Three
60%
Eye To The Ear The Snapping Of Shrimp
59%
Single I Threw a Rock Into The Sea
58%
Galápagos Crabs
56%
Wake Up Calls Nightjar
54%
Galápagos Penguins
53%
EP The Fly
53%
Galápagos Forests
52%
Galápagos Ocean
52%
Galápagos Fish
48%
The How How Much Much and I Spring Bottom
46%
Wake Up Calls Dunnock
44%
Galápagos Flamingos
37%
Wild Wet World Bodies Of Water
33%
EP Rich
33%
Eye To The Ear Stop The Music
32%
Galápagos Sunset
32%
Eye To The Ear Tea For Seventeen
32%
Single Prefusify
31%
Eye To The Ear The Feet Are The Link
31%
Eye To The Ear But Once A Child
30%
Galápagos Land Iguanas
30%
Galápagos Marine Iguanas
30%
Wild Wet World Pelagy
30%
Wake Up Calls Mistle Trush
28%
Galápagos Islands
26%
Galápagos Blue-footed booby
25%
Galápagos Giant Tortoise Eats
23%
Wild Wet World Blow Hole
19%
Galápagos Giant Tortoise Mates
16%
Single Orby
16%
Galápagos Seals
12%
Eye To The Ear By Being With You
9%
Eye To The Ear More Than A Mountain
6%
Single In Berlin
4%
Galápagos Mangroves
2%
Wild Wet World Nekton
2%
Single Gods and Gangsters
0%
No matching quizzes found
Score Distribution
Percent of People with Each Score
Percentile by Number Answered
Your Score History
You have not taken this quiz